Quaid-i-Azam Mohammad Ali jinnah The Nation's Voice Towards (Vol-I to Vol-VII) / (Record no. 187329)

000 -LEADER
fixed length control field 00894 a2200181 4500
003 - CONTROL NUMBER IDENTIFIER
control field NUST
005 - DATE AND TIME OF LATEST TRANSACTION
control field 20230202125707.0
020 ## - INTERNATIONAL STANDARD BOOK NUMBER
International Standard Book Number 9694130670
040 ## - CATALOGING SOURCE
Transcribing agency Nust
082 ## - DEWEY DECIMAL CLASSIFICATION NUMBER
Classification number 954,NAT
245 ## - TITLE STATEMENT
Title Quaid-i-Azam Mohammad Ali jinnah The Nation's Voice Towards (Vol-I to Vol-VII) /
Statement of responsibility, etc. Editor : Waheed Ahmad
260 ## - PUBLICATION, DISTRIBUTION, ETC.
Place of publication, distribution, etc. Karachi
Name of publisher, distributor, etc. Quaid-i- Azam Academy
Date of publication, distribution, etc. 1992
300 ## - PHYSICAL DESCRIPTION
Extent 1066:p.
440 ## - SERIES STATEMENT/ADDED ENTRY--TITLE
Volume/sequential designation ,II,III,IV,V,VI
505 ## - FORMATTED CONTENTS NOTE
Formatted contents note Vol. 1: 1935 (Page-1), 1936 (Page-12), 1937 (Page-103), 1938 (Page-211), 1939 (Page-337), 1940 (Page-432), Vol .II: 1940 (Page-1), 1941 (Page-123), 1942 (Page-355), Vol .III : 1942 (Page-1), 1943 (Page-138), 1944 (Page-364 ), Vol. IV : 1944 (Page-1), 1945 (Page-32), 1946 (Page-365), Vol. V : 1946 (Page-1), 1947 (Page-508), Vol.VI : 1947 (Page-1), Vol.VII : 1947 (Page-1), 1948 (Page-136).
650 ## - SUBJECT ADDED ENTRY--TOPICAL TERM
Topical term or geographic name entry element Quaid-i- Azam
9 (RLIN) 108479
942 ## - ADDED ENTRY ELEMENTS (KOHA)
Source of classification or shelving scheme
Koha item type Book
Call number prefix 954,NAT
Holdings
Withdrawn status Lost status Source of classification or shelving scheme Damaged status Not for loan Collection code Permanent Location Current Location Date acquired Total Checkouts Full call number Barcode Date last seen Price effective from Koha item type Date last checked out
            Military College of Signals (MCS) Military College of Signals (MCS) 12/12/2016   954 NAT MCS28986 12/08/2016 12/12/2016 Book  
            Military College of Signals (MCS) Military College of Signals (MCS) 12/12/2016   954 NAT MCS28987 12/08/2016 12/12/2016 Book  
            Military College of Signals (MCS) Military College of Signals (MCS) 12/12/2016   954 NAT MCS28988 12/08/2016 12/12/2016 Book  
            Military College of Signals (MCS) Military College of Signals (MCS) 12/12/2016 1 954 NAT MCS28989 10/02/2025 12/12/2016 Book 09/12/2025
            Military College of Signals (MCS) Military College of Signals (MCS) 12/12/2016   954 NAT MCS28990 12/08/2016 12/12/2016 Book  
            Military College of Signals (MCS) Military College of Signals (MCS) 12/12/2016   954 NAT MCS28991 12/08/2016 12/12/2016 Book  
            Military College of Signals (MCS) Military College of Signals (MCS) 12/12/2016   954 NAT MCS28992 12/08/2016 12/12/2016 Book  
© 2023 Central Library, National University of Sciences and Technology. All Rights Reserved.